Enéadas (I-III) /
Guardado en:
| Autor Principal: | |
|---|---|
| Otros Autores: | , |
| Formato: | Libro |
| Idioma: | Undetermined |
| Publicado: |
Madrid :
Gredos,
2015.
|
| Series: | Grandes pensadores
|
| Materias: | |
| Etiquetas: |
Agregar Etiqueta
Sin Etiquetas, Sea el primero en etiquetar este registro!
|
| LEADER | 01896nam a22002415a 4500 | ||
|---|---|---|---|
| 001 | CEM.cems020573 | ||
| 008 | 231024s2015####sp############000#0#und#d | ||
| 005 | 20231024201851.0 | ||
| 245 | 1 | 0 | |a Enéadas (I-III) / |c Plotino ; vida de Plotino por Porfirio; estudio introductorio por Ignacio Guiu. |
| 260 | |a Madrid : |b Gredos, |c 2015. | ||
| 300 | |a 394 p. | ||
| 490 | 1 | |a Grandes pensadores | |
| 505 | 0 | |a El pensamiento de Plotino -- El Uno-Bien -- La procesión -- El Ser-Inteligencia -- Alma y Naturaleza -- La materia sensible -- El mundo sensible y la Providencia divina -- El hombre -- Caída y retorno del alma -- Pervivencia de Plotino -- Cronología -- Glosario -- Enéadas -- Sobre qué es el animal y qué el hombre -- Sobre las virtudes -- Sobre la dialéctica -- Sobre la felicidad -- Sobre si la felicidad se acrecienta con el tiempo -- Sobre la belleza -- Del bien primario y de los otros bienes -- Sobre qué son los males y de dónde provienen -- Sobre el suicidio -- Sobre el cielo -- Sobre el movimiento del cielo -- Sobre si los astros influyen -- Sobre la materia -- Sobre lo que está en potencia y lo que está en acto -- Sobre la sustancia o sobre la cualidad -- Sobre la compenetración total -- Sobre la visión o de cómo las cosas lejanas parecen pequeñas -- Contra los gnósticos -- Sobre la fatalidad -- Sobre la providencia -- Sobre el demon al que hemos cabido en suerte -- Sobre el amor -- Sobre la imposibilidad de las cosas incorpóreas -- Sobre la eternidad y el tiempo -- Sobre naturaleza, la contemplación y el Uno -- Miscelánea | |
| 020 | |a 9788447380831 | ||
| 100 | 1 | |a Plotino. | |
| 700 | 1 | |a Guiu, Ignacio; trad. | |
| 700 | 1 | |a Porfirio; pról. | |
| 653 | |a Filosofía | ||
| 653 | |a Filosofía griega | ||
| 653 | |a Filosofía antigua | ||
| 653 | |a Filosofía helenística | ||
| 653 | |a Neoplatonismo | ||
| 859 | |a CEMS |b BIB. CEMS - 11 de abril |h 182 |i P724-1 |p 29743.23 |t Ej.1 | ||
